00885nam a22001457a 4500008004100000020001600041082001500057110004900072245013900121260006600260300001800326505029800344650004800642710004900690141208b xxu||||| |||| 00| 0 eng d a97858753113 a708bM538g aMinisterio de Culturra, Medellín, Colombia aSaber desconocerbGuia a lo desconocido, 43 Salon (inter) nacional de artistas, ColombiacMinisterio de Culturra, Medellín, Colombia aMedellín, ColombiabMinisterio de Culturra, Colombiac2013 a358 p.c21 cm tArtistas de la A-ZtEl 43 Salon nacional de artistas de Medellín tSaber desconocer, MedellíntVuelve el salon Medellin tSaber y desconocer en el mismo salon tProyecto editorial tEdificio AntioquiatMuseo de Antioquia tCasa del encuentrotMuseo de arte moderno de medellintCuradores  aArte Contemporaneo vExhibiciónzColombia aMinisterio de Culturra, Medellín, Colombia